00315nam a22001097a 4500003000400000020001500004082001600019100003900035245007100074260005200145300000800197SGT a8126700238 a200bV2000P aपटनायक, किशन  aविकल्पहीन नहीं है दुनिया bराजकमल प्रकाशन c2000 a283